000 00906nam a2200277Ia 4500
003 OSt
005 20221005111206.0
006 a|||||r|||| 00| 0
007 ta
008 221004b |||||||| |||| 00| 0 hin d
020 _a9789350004852 (hbk)
_c95
024 _a11141
037 _b325, 20/03/2014, Vani Prakashan
_cTextual
040 _aCRL
_cCRL
_bhin
041 _2hin
_ahin
082 _aO152,3NNA,GA, Q0
100 _aनागार्जुन
245 0 _aगरीबदास
246 _aGarībadāsa
250 _a2 संस्करण
260 _aनई दिल्ली
_bवाणी प्रकाशन भारत
_c2010
300 _a86पृ0
_ccm.
650 _aहिन्दी साहित्य
942 _hO152,3NNA,GA, Q0
_cTEXL
_2cc
999 _c1021105
_d1021105